Tiếng vọng những mùa qua : Phê bình, tiểu luận

Wedi'i Gadw mewn:
Manylion Llyfryddiaeth
Prif Awdur: Nguyễn, Thị Thanh Xuân
Fformat: Llyfr
Iaith:Undetermined
Cyhoeddwyd: Thành phố Hồ Chí Minh Trẻ 2004
Pynciau:
Tagiau: Ychwanegu Tag
Dim Tagiau, Byddwch y cyntaf i dagio'r cofnod hwn!
Thư viện lưu trữ: Trung tâm Học liệu Trường Đại học Cần Thơ
LEADER 00646nam a2200217Ia 4500
001 CTU_92959
008 210402s9999 xx 000 0 und d
020 |c 24500 
082 |a 809.1 
082 |b X502 
100 |a Nguyễn, Thị Thanh Xuân 
245 0 |a Tiếng vọng những mùa qua : 
245 0 |b Phê bình, tiểu luận 
245 0 |c Nguyễn Thị Thanh Xuân 
260 |a Thành phố Hồ Chí Minh 
260 |b Trẻ 
260 |c 2004 
650 |a Vietnamese literature 
650 |x History and criticism 
904 |i Mai Loan, QHieu 
980 |a Trung tâm Học liệu Trường Đại học Cần Thơ